Acuerdos de El Salvador: en el camino de la paz

Đã lưu trong:
Chi tiết về thư mục
Nhiều tác giả của công ty: Organización de las Naciones Unidas (ONU) (Tác giả), Organización de las Naciones Unidas (Tác giả)
Định dạng: Sách
Ngôn ngữ:Tiếng Tây Ban Nha
Được phát hành: Nueva York ONU 1992
Những chủ đề:
Các nhãn: Thêm thẻ
Không có thẻ, Là người đầu tiên thẻ bản ghi này!

MARC

LEADER 00000nam a2200000 a 4500
001 UCV3567
003 CL-VaPUC
008 930910e19920000US |||||||||||||||||spa|d
082 0 4 |a 314.23  |b ONU  |2 21 
110 |a Organización de las Naciones Unidas (ONU)   |e author  |9 297810 
710 2 |a Organización de las Naciones Unidas  |e author  |9 297811 
245 1 0 |a Acuerdos de El Salvador: en el camino de la paz 
300 |a 159 p 
942 |c BK 
945 |d 19930910 00:00:00 
260 |a Nueva York  |b ONU  |c 1992 
650 7 |a DELITOS CONTRA LA PAZ  |2 CL-VaPUC  |9 259258 
650 7 |a TRATADOS DE PAZ  |2 CL-VaPUC  |9 259259 
650 0 |a Amnistía   |9 254958 
651 7 |a EL SALVADOR  |2 CL-VaPUC  |9 257726 
583 |a last modification  |c 20120409 09:08:28  |k Rodrigo Vera 
999 |c 210730  |d 210728 
952 |0 0  |1 0  |4 0  |6 314_230000000000000_ONU_1992  |7 0  |8 A  |9 187198  |a BIBDER  |b BIBDER  |d 2019-11-14  |i 2548917  |o 314.23 ONU 1992  |p 2548917  |r 2023-01-25  |w 2019-11-14  |y BK  |k DER